[Event "European Youth Chess Championship B14"]
[Site "Prague, Top Hotel Prague"]
[Date "2016.08.25"]
[Round "7.37"]
[White "Amon, Nejc"]
[Black "Martins, Bruno Andre Leite"]
[Result "1-0"]
[WhiteElo "2138"]
[BlackElo "1878"]
[PlyCount "51"]
[EventDate "2016.08.18"]

1. e4 c5 2. Nf3 Nc6 3. d4 cxd4 4. Nxd4 g6 5. Nc3 Bg7 6. Be3 Nf6 7. Bc4 O-O 8.
Bb3 a6 9. f3 Qc7 10. Qd2 b5 11. O-O-O Na5 12. g4 Bb7 13. Kb1 b4 14. Na4 Nxb3
15. axb3 d5 16. e5 Nd7 17. f4 Nb8 18. h4 Nc6 19. h5 g5 20. h6 Bh8 21. Rh5 f6
22. Ne6 Qd7 23. Nac5 Qc8 24. Nxf8 Kxf8 25. Qxd5 Qxg4 26. Nd7+ 1-0

[Event "European Youth Chess Championship B14"]
[Site "Prague, Top Hotel Prague"]
[Date "2016.08.25"]
[Round "7.38"]
[White "Milosevic, Milos"]
[Black "Nagy, Ladislav"]
[Result "1-0"]
[WhiteElo "2132"]
[BlackElo "1872"]
[PlyCount "95"]
[EventDate "2016.08.18"]

1. d4 Nf6 2. Nf3 d6 3. g3 Nbd7 4. Bg2 g6 5. O-O Bg7 6. a4 O-O 7. a5 a6 8. Nc3
e5 9. dxe5 dxe5 10. h3 Re8 11. Be3 Qe7 12. Nd2 Nc5 13. Nc4 Rb8 14. Bg5 Qe6 15.
b3 h6 16. Bxf6 Bxf6 17. Nd5 Bd8 18. b4 Nd7 19. Qd2 c6 20. Nde3 Bc7 21. Nb2 Kh7
22. h4 e4 23. h5 b5 24. axb6 Nxb6 25. hxg6+ fxg6 26. c4 Bb7 27. Rac1 Rbd8 28.
Qc2 Rd4 29. Kh2 Bc8 30. Rh1 Be5 31. Kg1 Qe7 32. Na4 Nxa4 33. Qxa4 Qd6 34. c5
Qc7 35. Nc4 Be6 36. Nxe5 Qxe5 37. Qxc6 Bd5 38. Qxa6 e3 39. f4 Qf5 40. Qa7+ Bf7
41. b5 Red8 42. Bh3 Rd1+ 43. Kh2 Rxh1+ 44. Rxh1 Qf6 45. c6 g5 46. Rf1 g4 47.
Bxg4 Rg8 48. c7 1-0

[Event "European Youth Chess Championship B14"]
[Site "Prague, Top Hotel Prague"]
[Date "2016.08.25"]
[Round "7.39"]
[White "Stevanic, David"]
[Black "Fossan, Aleksander"]
[Result "0-1"]
[WhiteElo "2127"]
[BlackElo "1834"]
[PlyCount "80"]
[EventDate "2016.08.18"]

1. e4 c5 2. Nf3 g6 3. c3 Bg7 4. Bc4 Nf6 5. e5 Nh5 6. d4 d5 7. Bb5+ Nc6 8. h3 f5
9. Bxc6+ bxc6 10. dxc5 O-O 11. Qd4 f4 12. O-O Qe8 13. Kh2 Qf7 14. b4 Ba6 15.
Re1 Qf5 16. Nbd2 g5 17. g4 fxg3+ 18. fxg3 Bc8 19. g4 Qc2 20. Qe3 Nf4 21. Nd4
Qg6 22. Rg1 h5 23. Rg3 hxg4 24. hxg4 Bxg4 25. Ba3 Qh5+ 26. Kg1 Nh3+ 27. Kh1
Nf2+ 28. Kg2 Bh3+ 29. Kg1 Bf1 30. Rf3 Ng4 31. Rxf8+ Rxf8 32. Qg3 Bxe5 33. Qxe5
Nxe5 34. Rxf1 Qg4+ 35. Kh2 Qh4+ 36. Kg2 Qg4+ 37. Kh2 Rxf1 38. Nxf1 Qh4+ 39. Kg2
Nd3 40. Ng3 g4 0-1

[Event "European Youth Chess Championship B14"]
[Site "Prague, Top Hotel Prague"]
[Date "2016.08.25"]
[Round "7.40"]
[White "Mao, Ximan"]
[Black "Morgunov, Daniel"]
[Result "0-1"]
[WhiteElo "1731"]
[BlackElo "2098"]
[PlyCount "66"]
[EventDate "2016.08.18"]

1. d4 Nf6 2. c4 e6 3. Nc3 Bb4 4. e3 b6 5. Bd3 Bb7 6. Nf3 Ne4 7. Qc2 f5 8. Nd2
Bxc3 9. bxc3 Qh4 10. O-O O-O 11. f3 Ng5 12. e4 Rf6 13. f4 Nxe4 14. Nxe4 fxe4
15. Bxe4 Bxe4 16. Qxe4 Nc6 17. Ba3 Re8 18. Rf3 Rf5 19. Raf1 h6 20. Rh3 Qg4 21.
Rg3 Qh5 22. Rff3 Ra5 23. Bb4 Rxa2 24. h3 d5 25. Qb1 Re2 26. Kf1 Qf5 27. Qd1 Rb2
28. Rd3 Qxf4+ 29. Rgf3 Qh2 30. Rd2 Qh1+ 31. Ke2 Qxg2+ 32. Rf2 Qe4+ 33. Kf1 Rb1
0-1

[Event "European Youth Chess Championship B14"]
[Site "Prague, Top Hotel Prague"]
[Date "2016.08.25"]
[Round "7.41"]
[White "Loukopoulos, Panagiotis-Athana"]
[Black "Michaelides, Konstantinos"]
[Result "1/2-1/2"]
[WhiteElo "1663"]
[BlackElo "2092"]
[PlyCount "72"]
[EventDate "2016.08.18"]

1. e4 e6 2. d4 d5 3. e5 c5 4. c3 Nc6 5. Nf3 Nh6 6. Na3 cxd4 7. cxd4 Bxa3 8.
bxa3 Nf5 9. Bd3 Qa5+ 10. Bd2 Qxa3 11. Bxf5 exf5 12. O-O O-O 13. Re1 Be6 14. Ng5
g6 15. Re3 Qe7 16. Rh3 h5 17. Rxh5 gxh5 18. Qxh5 f6 19. Qg6+ Qg7 20. Qxg7+ Kxg7
21. Nxe6+ Kf7 22. Nxf8 Rxf8 23. Rb1 b6 24. Rc1 Nxd4 25. Rc7+ Kg6 26. exf6 Nb5
27. Rd7 d4 28. a4 Nc3 29. Rxa7 Rxf6 30. Bxc3 dxc3 31. Rc7 Rd6 32. Kf1 Rd4 33.
Rxc3 Rxa4 34. Rc6+ Kg5 35. Rxb6 Ra1+ 36. Ke2 Ra2+ 1/2-1/2

[Event "European Youth Chess Championship B14"]
[Site "Prague, Top Hotel Prague"]
[Date "2016.08.25"]
[Round "7.42"]
[White "Pravda, Krystof"]
[Black "Maache, Jawad"]
[Result "1-0"]
[WhiteElo "1682"]
[BlackElo "2090"]
[PlyCount "63"]
[EventDate "2016.08.18"]

1. e4 d5 2. exd5 Qxd5 3. Nc3 Qa5 4. d4 Nf6 5. Nf3 Bf5 6. Ne5 c6 7. Nc4 Qc7 8.
g3 Nbd7 9. Bf4 Qd8 10. d5 cxd5 11. Nxd5 Rc8 12. Nde3 Be4 13. f3 Bc6 14. Bd3 e6
15. Qe2 Nb6 16. O-O-O Nxc4 17. Nxc4 Bd5 18. Ne5 a6 19. Be4 Qa5 20. Bxd5 Nxd5
21. Kb1 Be7 22. Bd2 Qc5 23. c4 Nb6 24. f4 Bd6 25. Be3 Qc7 26. c5 Bxc5 27. Rc1
Na4 28. Qc2 b5 29. b3 Bxe3 30. Qxc7 Rxc7 31. Rxc7 Nb6 32. Nxf7 1-0

[Event "European Youth Chess Championship B14"]
[Site "Prague, Top Hotel Prague"]
[Date "2016.08.25"]
[Round "7.43"]
[White "Haase, Pavel"]
[Black "Vuckovic, Marko"]
[Result "0-1"]
[WhiteElo "2012"]
[BlackElo "1834"]
[PlyCount "32"]
[EventDate "2016.08.18"]

1. d4 d5 2. Bf4 Nf6 3. e3 e6 4. Nf3 Bd6 5. Ne5 Nbd7 6. c4 O-O 7. Nc3 a6 8. Rc1
dxc4 9. Bxc4 b5 10. Nc6 Qe8 11. Bxd6 cxd6 12. Bxb5 axb5 13. Nxb5 Nc5 14. Nxd6
Qxc6 15. Nxc8 Nd3+ 16. Kd2 Qxc1+ 0-1

[Event "European Youth Chess Championship B14"]
[Site "Prague, Top Hotel Prague"]
[Date "2016.08.25"]
[Round "7.44"]
[White "Gherghel-Butan, Mircea"]
[Black "Stinka, Jakub"]
[Result "1/2-1/2"]
[WhiteElo "1892"]
[BlackElo "2034"]
[PlyCount "49"]
[EventDate "2016.08.18"]

1. d4 Nf6 2. Nf3 g6 3. c4 Bg7 4. Nc3 d6 5. e4 O-O 6. Be2 e5 7. dxe5 dxe5 8. O-O
c6 9. Qc2 Nbd7 10. Rd1 Qc7 11. b4 Re8 12. c5 a5 13. Ba3 axb4 14. Bxb4 Bf8 15.
Nb1 Be7 16. Nbd2 b6 17. cxb6 Nxb6 18. Bxe7 Rxe7 19. Nc4 Nxc4 20. Bxc4 Be6 21.
h3 Kg7 22. Bxe6 Rxe6 23. Rdc1 h6 24. a4 Ra6 25. Qc4 1/2-1/2

[Event "European Youth Chess Championship B14"]
[Site "Prague, Top Hotel Prague"]
[Date "2016.08.25"]
[Round "7.45"]
[White "Popvasilev, Kaloyan"]
[Black "Isfan, Ioan-Marius"]
[Result "1-0"]
[WhiteElo "1860"]
[BlackElo "2011"]
[PlyCount "37"]
[EventDate "2016.08.18"]

1. e4 d5 2. exd5 Qxd5 3. Nf3 Bg4 4. Be2 Nf6 5. O-O Nc6 6. d4 O-O-O 7. c4 Qf5 8.
Be3 e6 9. Nbd2 Bd6 10. a3 Bf4 11. Qb3 Bxe3 12. fxe3 Qa5 13. Qd1 Rhf8 14. c5 b5
15. a4 Qb4 16. axb5 Nb8 17. Nc4 Bxf3 18. Rxf3 Nc6 19. Ra4 1-0

[Event "European Youth Chess Championship B14"]
[Site "Prague, Top Hotel Prague"]
[Date "2016.08.25"]
[Round "7.46"]
[White "Bulockin, Martin"]
[Black "Zaza, Alexandre"]
[Result "1-0"]
[WhiteElo "2010"]
[BlackElo "1834"]
[PlyCount "71"]
[EventDate "2016.08.18"]

1. e4 c5 2. Nf3 Nc6 3. d4 cxd4 4. Nxd4 g6 5. c4 Bg7 6. Be3 Nf6 7. Nc3 d6 8. Be2
O-O 9. O-O Bd7 10. Qd2 Nxd4 11. Bxd4 Bc6 12. f3 a5 13. b3 Nd7 14. Be3 Nc5 15.
Rab1 e6 16. Rfd1 Be5 17. g3 Qc7 18. Qc2 b6 19. Rd2 Qb7 20. Rbd1 f5 21. Nb5 Bxb5
22. cxb5 f4 23. gxf4 Bxf4 24. Bxf4 Rxf4 25. Rxd6 Qe7 26. Qd2 Qg5+ 27. Kh1 Qe5
28. Qd4 Qxd4 29. R1xd4 Rb8 30. Kg2 Rff8 31. Bc4 Kf7 32. a3 Rfe8 33. Rc6 Rec8
34. Rdd6 Rxc6 35. Rxc6 Re8 36. e5 1-0

[Event "European Youth Chess Championship B14"]
[Site "Prague, Top Hotel Prague"]
[Date "2016.08.25"]
[Round "7.47"]
[White "Martirosyan, Ara"]
[Black "Orfini, Nicolo`"]
[Result "1/2-1/2"]
[WhiteElo "1839"]
[BlackElo "1996"]
[PlyCount "59"]
[EventDate "2016.08.18"]

1. e4 c6 2. d4 d5 3. exd5 cxd5 4. c4 Nf6 5. Nc3 g6 6. Bg5 dxc4 7. Bxf6 exf6 8.
Bxc4 Be7 9. Nge2 Nd7 10. h4 Nb6 11. Bb3 h5 12. Qd2 a5 13. a3 Kf8 14. Rd1 Kg7
15. d5 Bd6 16. O-O Bg4 17. Rde1 f5 18. Qd4+ Kh7 19. Nb5 Bxe2 20. Rxe2 Rf8 21.
Rfe1 Rc8 22. Nxd6 Qxd6 23. Re7 Nd7 24. g3 Nc5 25. Ba2 b6 26. R7e3 Rcd8 27. Bc4
Ne4 28. Bd3 Nf6 29. Bc4 Ne4 30. Bd3 1/2-1/2

[Event "European Youth Chess Championship B14"]
[Site "Prague, Top Hotel Prague"]
[Date "2016.08.25"]
[Round "7.48"]
[White "Huynh, Laurent"]
[Black "Colonetti, Fabio"]
[Result "0-1"]
[WhiteElo "1934"]
[BlackElo "1833"]
[PlyCount "86"]
[EventDate "2016.08.18"]

1. e4 Nf6 2. Nc3 d5 3. exd5 Nxd5 4. Bc4 Nb6 5. Bb3 Nc6 6. d3 Bf5 7. a3 e6 8. h3
Be7 9. Nf3 O-O 10. O-O Bf6 11. Re1 Nd4 12. Nxd4 Bxd4 13. Qf3 c6 14. Ne2 Bf6 15.
Ng3 Bg6 16. Nh5 Bxh5 17. Qxh5 Nd5 18. Rb1 a5 19. c3 g6 20. Qf3 a4 21. Bc2 Bg7
22. Bd2 e5 23. Rbd1 f5 24. g3 f4 25. Re4 fxg3 26. Qxg3 Rf5 27. Bxa4 Qf6 28. Kg2
Rf8 29. Re2 Rf3 30. Qg5 Rxf2+ 31. Rxf2 Qxf2+ 32. Kh1 Qe2 33. Bc2 Rf2 34. Qg3 h5
35. h4 Nf4 36. Bb3+ Kh7 37. Bxf4 exf4 38. Qh3 f3 39. Rg1 Be5 40. Qd7+ Bg7 41.
Qh3 Qxb2 42. Bf7 Be5 43. Bxg6+ Kh6 0-1

[Event "European Youth Chess Championship B14"]
[Site "Prague, Top Hotel Prague"]
[Date "2016.08.25"]
[Round "7.49"]
[White "Dobrin, Ionut-Alexandru"]
[Black "Svanda, Ondrej"]
[Result "0-1"]
[WhiteElo "1829"]
[BlackElo "1927"]
[PlyCount "52"]
[EventDate "2016.08.18"]

1. d4 Nf6 2. c4 e6 3. Nc3 Bb4 4. Qc2 Nc6 5. Nf3 d6 6. Bg5 h6 7. Bh4 g5 8. Bg3
g4 9. Nd2 Nxd4 10. Qc1 Nf5 11. e3 Bd7 12. Bd3 Nxg3 13. hxg3 Bc6 14. O-O Qe7 15.
a3 Bxc3 16. Qxc3 O-O-O 17. b4 h5 18. b5 Bd7 19. a4 h4 20. gxh4 Nd5 21. Qd4 Qxh4
22. f3 g3 23. Qxh4 Rxh4 24. Rfe1 Rdh8 25. Kf1 Rh1+ 26. Ke2 Nc3# 0-1

[Event "European Youth Chess Championship B14"]
[Site "Prague, Top Hotel Prague"]
[Date "2016.08.25"]
[Round "7.50"]
[White "Polansky, Adam Lubos"]
[Black "Lomandong, Marc-Antoine"]
[Result "1/2-1/2"]
[WhiteElo "1773"]
[BlackElo "1918"]
[PlyCount "99"]
[EventDate "2016.08.18"]

1. d4 d5 2. c4 e6 3. Nc3 Nf6 4. Bg5 Nbd7 5. cxd5 exd5 6. e3 c6 7. Bd3 Be7 8.
Nf3 h6 9. Bh4 Ne4 10. Bxe7 Qxe7 11. Qc2 f5 12. Ne2 g5 13. h4 Rg8 14. g3 Ndf6
15. Ne5 Be6 16. a3 Nd7 17. Nxd7 Bxd7 18. Nc3 Be6 19. Na4 O-O-O 20. O-O-O Rdf8
21. Rh2 Kb8 22. hxg5 hxg5 23. Rdh1 Qe8 24. b4 Rh8 25. Rxh8 Rxh8 26. Rxh8 Qxh8
27. Bxe4 fxe4 28. Qc5 Qd8 29. Nc3 Bf7 30. b5 Be8 31. bxc6 Bxc6 32. Kb1 Qb6+ 33.
Qxb6 axb6 34. Kb2 Kc7 35. Kb3 Kd6 36. Kb4 Ke6 37. Na4 Bxa4 38. Kxa4 Kf5 39. Kb5
Kg4 40. Kxb6 Kf3 41. Kxb7 Kxf2 42. a4 Kxe3 43. a5 Kxd4 44. a6 e3 45. a7 e2 46.
a8=Q e1=Q 47. Qa4+ Ke3 48. Qg4 d4 49. Qxg5+ Kd3 50. Qb5+ 1/2-1/2

[Event "European Youth Chess Championship B14"]
[Site "Prague, Top Hotel Prague"]
[Date "2016.08.25"]
[Round "7.51"]
[White "Lund, Gunnar"]
[Black "Pavlik, Vladimir"]
[Result "1-0"]
[WhiteElo "1913"]
[BlackElo "1749"]
[PlyCount "71"]
[EventDate "2016.08.18"]

1. e4 d6 2. d4 Nf6 3. Nc3 Nbd7 4. g4 h6 5. Nf3 e5 6. Rg1 c6 7. Be3 Qc7 8. h4
Nh7 9. g5 hxg5 10. hxg5 g6 11. Qd2 Bg7 12. O-O-O a6 13. Be2 b5 14. Rh1 O-O 15.
Rh4 Rd8 16. Rdh1 Nhf8 17. Qd1 Bb7 18. Qg1 Ne6 19. Qh2 Kf8 20. d5 Nd4 21. Rh7 b4
22. Rxg7 Ke8 23. Qh8+ Nf8 24. Bxd4 exd4 25. Nd1 cxd5 26. Nxd4 Qe7 27. Qg8 Qxg5+
28. Ne3 Qf6 29. Ng4 Qf4+ 30. Kb1 Rd7 31. Rh8 Ke7 32. Nh6 Kf6 33. Rxf7+ Rxf7 34.
Qxf7+ Ke5 35. Qxf4+ Kxf4 36. Rxf8+ 1-0

[Event "European Youth Chess Championship B14"]
[Site "Prague, Top Hotel Prague"]
[Date "2016.08.25"]
[Round "7.52"]
[White "Nehyba, Martin"]
[Black "Kirilov, Ivaylo"]
[Result "1-0"]
[WhiteElo "1824"]
[BlackElo "1911"]
[PlyCount "75"]
[EventDate "2016.08.18"]

1. c4 Nf6 2. Nc3 g6 3. g3 Bg7 4. Bg2 d6 5. d3 O-O 6. Nf3 e5 7. Bg5 h6 8. Bxf6
Bxf6 9. Rb1 Bg7 10. O-O c6 11. b4 f5 12. e4 Be6 13. Qe2 Nd7 14. Rfd1 Nf6 15.
exf5 gxf5 16. b5 Qd7 17. a4 c5 18. a5 Rad8 19. Na4 Qf7 20. b6 a6 21. Nxc5 dxc5
22. Nxe5 Qe7 23. Ng6 Qd7 24. Nxf8 Rxf8 25. Bxb7 f4 26. Bf3 fxg3 27. hxg3 Bg4
28. Bxg4 Nxg4 29. b7 Rb8 30. Rb6 Bd4 31. Rg6+ Kh7 32. Rxg4 Qc7 33. Qe4+ Kh8 34.
Re1 Rf8 35. Re2 Qxa5 36. Qg6 Qa1+ 37. Kg2 Bg7 38. Re8 1-0

[Event "European Youth Chess Championship B14"]
[Site "Prague, Top Hotel Prague"]
[Date "2016.08.25"]
[Round "7.53"]
[White "Sjoberg, Isak"]
[Black "Novotny, Martin"]
[Result "0-1"]
[WhiteElo "1893"]
[BlackElo "1557"]
[PlyCount "100"]
[EventDate "2016.08.18"]

1. e4 c5 2. Nf3 g6 3. c3 d5 4. exd5 Qxd5 5. d4 Bg7 6. Na3 cxd4 7. Bc4 Qe4+ 8.
Be3 Nh6 9. Nb5 Na6 10. Nbxd4 O-O 11. O-O e5 12. Bxh6 Bxh6 13. Re1 Qf4 14. Nxe5
Bg5 15. Qe2 Kg7 16. Rad1 Re8 17. g3 Qf6 18. Rd3 Qe7 19. f4 f6 20. fxg5 fxe5 21.
Re3 Qxg5 22. Rxe5 Rxe5 23. Qxe5+ Qxe5 24. Rxe5 Kf6 25. Re8 Nc7 26. Rh8 h5 27.
Rh7 Ne6 28. Bxe6 Bxe6 29. Nxe6 Kxe6 30. Rxb7 Rd8 31. h4 a5 32. Rb6+ Kf7 33.
Rb7+ Ke6 34. Rb6+ Kf7 35. a3 a4 36. Rb4 Rd2 37. g4 hxg4 38. Rxg4 Rxb2 39. Rxa4
Rc2 40. Rc4 Ke6 41. a4 Kd5 42. Rc8 Ra2 43. Ra8 Kc5 44. Ra5+ Kc4 45. Rg5 Kxc3
46. Rxg6 Rxa4 47. Rg3+ Kd2 48. Rh3 Ke2 49. Rh2+ Kf3 50. h5 Ra1# 0-1

[Event "European Youth Chess Championship B14"]
[Site "Prague, Top Hotel Prague"]
[Date "2016.08.25"]
[Round "7.54"]
[White "Nilsen, Tobias Lang"]
[Black "Balashov, Egor"]
[Result "1-0"]
[WhiteElo "1987"]
[BlackElo "1624"]
[PlyCount "55"]
[EventDate "2016.08.18"]

1. e4 e6 2. d4 d5 3. Nd2 c5 4. exd5 exd5 5. Ngf3 Nf6 6. Bb5+ Bd7 7. Bxd7+ Nbxd7
8. O-O Be7 9. dxc5 Nxc5 10. Nb3 Nce4 11. Nfd4 Qd7 12. f3 Nd6 13. Nc5 Qc7 14.
Nd3 O-O 15. c3 Nc4 16. Bf4 Bd6 17. Bxd6 Qxd6 18. Re1 Rfe8 19. Qb3 b6 20. Qb5
Kf8 21. Nf5 Qc7 22. Qb4+ Kg8 23. Re7 Rxe7 24. Nxe7+ Kh8 25. Re1 g6 26. b3 Nd6
27. Qd4 Kg7 28. Qxf6+ 1-0

[Event "European Youth Chess Championship B14"]
[Site "Prague, Top Hotel Prague"]
[Date "2016.08.25"]
[Round "7.55"]
[White "Veiga, Jose Francisco R P N"]
[Black "Lavorgna, Filippo"]
[Result "1-0"]
[WhiteElo "2001"]
[BlackElo "1849"]
[PlyCount "39"]
[EventDate "2016.08.18"]

1. e4 c6 2. Nc3 d5 3. Nf3 Bg4 4. h3 Bxf3 5. Qxf3 e6 6. exd5 cxd5 7. d4 Nc6 8.
Be3 Nf6 9. g4 Bb4 10. Bd3 Qa5 11. O-O Bxc3 12. bxc3 Qxc3 13. Rad1 Ke7 14. Rb1
b6 15. Rb3 Qa5 16. g5 Nd7 17. c4 Nb4 18. Bd2 Qxa2 19. Bxb4+ Ke8 20. Rfb1 1-0

[Event "European Youth Chess Championship B14"]
[Site "Prague, Top Hotel Prague"]
[Date "2016.08.25"]
[Round "7.56"]
[White "Alivodic, Dario"]
[Black "Kreutzmann, Duke"]
[Result "1/2-1/2"]
[WhiteElo "1834"]
[BlackElo "1975"]
[PlyCount "99"]
[EventDate "2016.08.18"]

1. d4 e6 2. c4 Bb4+ 3. Nd2 Nf6 4. Ngf3 b6 5. a3 Bxd2+ 6. Bxd2 Bb7 7. Bg5 h6 8.
Bxf6 Qxf6 9. e3 d6 10. Be2 O-O 11. O-O Nd7 12. Nd2 e5 13. Bf3 Bxf3 14. Nxf3
Rad8 15. b4 Qe7 16. Qa4 a5 17. bxa5 Ra8 18. a6 Ra7 19. Rad1 Rfa8 20. dxe5 Nxe5
21. Nxe5 Qxe5 22. Qb5 Qe7 23. Rd3 Rxa6 24. Ra1 Qe4 25. Qd5 Qxd5 26. cxd5 b5 27.
Rb3 Ra5 28. e4 Kf8 29. f3 Ke7 30. Rab1 Rxa3 31. Rxa3 Rxa3 32. Rxb5 Ra2 33. h4
h5 34. Kh2 Rc2 35. Rb3 Kf6 36. Kg3 Ke5 37. Rb8 Kf6 38. Re8 Rc3 39. Kf4 c6 40.
dxc6 Rxc6 41. Rd8 Ke7 42. Ra8 Rc5 43. g4 hxg4 44. fxg4 Rc1 45. Ra3 Kf6 46. g5+
Ke6 47. h5 Rf1+ 48. Rf3 Rh1 49. Kg4 Re1 50. Kf4 1/2-1/2

[Event "European Youth Chess Championship B14"]
[Site "Prague, Top Hotel Prague"]
[Date "2016.08.25"]
[Round "7.57"]
[White "Matis, Tibor"]
[Black "Buitron, Ramil David"]
[Result "0-1"]
[WhiteElo "1709"]
[BlackElo "1949"]
[PlyCount "140"]
[EventDate "2016.08.18"]

1. e4 c5 2. Nf3 d6 3. d4 cxd4 4. Nxd4 Nc6 5. Nc3 g6 6. f3 Bg7 7. Be3 Nf6 8. Qd2
O-O 9. Nb3 Be6 10. Bh6 Rc8 11. Bxg7 Kxg7 12. O-O-O a5 13. g4 Ne5 14. Be2 Nc4
15. Bxc4 Bxc4 16. h4 Rh8 17. h5 b5 18. h6+ Kf8 19. g5 Nd7 20. Qd4 Rg8 21. f4 b4
22. Nd5 a4 23. Na1 b3 24. a3 bxc2 25. Nxc2 Ba2 26. Ndb4 Nc5 27. Rd3 Nb3+ 28.
Rxb3 axb3 29. Re1 Qa5 30. Re3 Qb5 31. Rd3 Rxc2+ 32. Nxc2 bxc2 33. a4 Qb8 34.
Kxc2 Be6 35. b4 Qe8 36. b5 d5 37. Qb6 Qd7 38. Qb8+ Qc8+ 39. Qxc8+ Bxc8 40. Rxd5
Ke8 41. Kc3 Bd7 42. Kb4 e6 43. Rd1 Ke7 44. b6 Ra8 45. a5 Bc8 46. e5 Ba6 47. Rc1
Rc8 48. Rxc8 Bxc8 49. Kc4 Ba6+ 50. Kc5 Kd7 51. b7 Bxb7 52. Kb6 Kc8 53. a6 Bd5
54. Kc5 Kc7 55. Kb5 Be4 56. Kc5 Bc6 57. a7 Ba8 58. Kb5 Bb7 59. Kc5 Bc6 60. Kb4
Kb6 61. Kc4 Ba8 62. Kd4 Bd5 63. Ke3 Kxa7 64. Kd4 Kb6 65. Ke3 Kc5 66. Kd3 Bf3
67. Ke3 Bg4 68. Kd3 Bf5+ 69. Ke3 Kc4 70. Kf3 Kd3 0-1

[Event "European Youth Chess Championship B14"]
[Site "Prague, Top Hotel Prague"]
[Date "2016.08.25"]
[Round "7.58"]
[White "Van, Malder Dries"]
[Black "Berera, Siddharth"]
[Result "1/2-1/2"]
[WhiteElo "1883"]
[BlackElo "1676"]
[PlyCount "113"]
[EventDate "2016.08.18"]

1. d4 d5 2. c4 c6 3. Nf3 Nf6 4. Nc3 dxc4 5. g3 Bf5 6. Bg2 Nbd7 7. O-O e6 8. a4
Bb4 9. Nd2 O-O 10. Nxc4 Nb6 11. Ne5 a5 12. e3 Qe7 13. Qb3 Nbd5 14. Rd1 Bd6 15.
Nc4 Bg6 16. Nxd5 exd5 17. Nxd6 Qxd6 18. Bd2 Ne4 19. Be1 Qd7 20. Qa3 Nd6 21. b3
Rfb8 22. Qb2 b5 23. axb5 Rxb5 24. Bf1 Rb7 25. Rxa5 Rxa5 26. Bxa5 Nc4 27. Qc3
Nxa5 28. Qxa5 h6 29. Qc3 Be4 30. Bg2 Bf5 31. Rc1 Rb6 32. b4 Qb7 33. Bf3 g5 34.
Be2 Be4 35. f3 Bf5 36. Qc5 Rxb4 37. Qxc6 Qxc6 38. Rxc6 Rb1+ 39. Kf2 Rb2 40. Rc1
Bd3 41. Re1 f5 42. Kf1 Bxe2+ 43. Rxe2 Rb6 44. e4 dxe4 45. fxe4 Rd6 46. exf5
Rxd4 47. Kf2 h5 48. Ke3 Ra4 49. Rd2 Kf7 50. Rd4 Ra2 51. h4 Kf6 52. hxg5+ Kxf5
53. Rd5+ Kg6 54. Kf3 Ra3+ 55. Kg2 Ra4 56. Kh3 Rg4 57. Rb5 1/2-1/2

[Event "European Youth Chess Championship B14"]
[Site "Prague, Top Hotel Prague"]
[Date "2016.08.25"]
[Round "7.59"]
[White "Akulov, Lev"]
[Black "Ocko, Dominik"]
[Result "1-0"]
[WhiteElo "1862"]
[BlackElo "1784"]
[PlyCount "83"]
[EventDate "2016.08.18"]

1. d4 d5 2. c4 Bf5 3. cxd5 Qxd5 4. Nc3 Qd7 5. e4 Bg6 6. Bb5 c6 7. Be2 Nf6 8. f3
e6 9. Nh3 Be7 10. Be3 O-O 11. Nf4 b5 12. a3 Na6 13. Qd2 Nc7 14. h4 h6 15. g4
Nfe8 16. Nxg6 fxg6 17. f4 Nd6 18. f5 exf5 19. gxf5 Qd8 20. fxg6 Bxh4+ 21. Kd1
Bg5 22. Bxg5 Qxg5 23. Qxg5 hxg5 24. Kd2 Rf4 25. Kd3 Re8 26. Rh5 Nxe4 27. Bd1
Nf2+ 28. Kc2 Ne6 29. d5 cxd5 30. Nxd5 Rc8+ 31. Nc3 a5 32. Kb3 Rh4 33. Rxh4 gxh4
34. Nd5 Nd4+ 35. Ka2 Rc5 36. Nf4 h3 37. Nxh3 Nxh3 38. Bg4 Nf2 39. Re1 Kf8 40.
Bd7 Rc8 41. Bxc8 Ng4 42. Bxg4 1-0

[Event "European Youth Chess Championship B14"]
[Site "Prague, Top Hotel Prague"]
[Date "2016.08.25"]
[Round "7.60"]
[White "Matus, Filip"]
[Black "Mavrev, David"]
[Result "0-1"]
[WhiteElo "1700"]
[BlackElo "1854"]
[PlyCount "90"]
[EventDate "2016.08.18"]

1. e4 e5 2. Nf3 Nc6 3. d4 exd4 4. Nxd4 Nf6 5. Nxc6 bxc6 6. e5 Nd5 7. c4 Nb6 8.
Nc3 Be7 9. Bd3 O-O 10. O-O d5 11. exd6 cxd6 12. Qh5 g6 13. Qf3 Be6 14. Bh6 Re8
15. b3 Bf6 16. Rac1 Rc8 17. Ne4 Bg7 18. Bg5 Qc7 19. Nf6+ Bxf6 20. Qxf6 Nd7 21.
Qc3 Ne5 22. Bb1 d5 23. Bf4 f6 24. Rfe1 Qf7 25. Bxe5 fxe5 26. cxd5 cxd5 27. Qxe5
Rxc1 28. Rxc1 Bf5 29. Qf4 Bxb1 30. Qxf7+ Kxf7 31. Rxb1 Re2 32. a4 Ke6 33. Kf1
Rc2 34. g3 d4 35. Kg2 Kd5 36. Kf3 Rc3+ 37. Ke2 Ke4 38. f3+ Rxf3 39. b4 d3+ 40.
Kd2 Rf2+ 41. Kc3 Rc2+ 42. Kb3 Rxh2 43. Re1+ Re2 44. Rc1 d2 45. Rd1 Kd3 0-1

[Event "European Youth Chess Championship B14"]
[Site "Prague, Top Hotel Prague"]
[Date "2016.08.25"]
[Round "7.61"]
[White "Stage-Steffensen, Sander"]
[Black "Lavorgna, Francesco"]
[Result "1/2-1/2"]
[WhiteElo "1688"]
[BlackElo "1887"]
[PlyCount "44"]
[EventDate "2016.08.18"]

1. e4 c6 2. d4 d5 3. Nc3 dxe4 4. Nxe4 Nf6 5. Nxf6+ exf6 6. Nf3 Bd6 7. Bd3 O-O
8. Be3 Bg4 9. h3 Bh5 10. c3 Re8 11. O-O Nd7 12. Be2 Qc7 13. Qd2 f5 14. Qd1 f4
15. Bc1 Re7 16. Qd2 Rae8 17. Bd3 Bxf3 18. gxf3 Nf6 19. c4 Qd7 20. Kh2 Re3 21.
Qd1 R3e7 22. b3 h6 1/2-1/2

[Event "European Youth Chess Championship B14"]
[Site "Prague, Top Hotel Prague"]
[Date "2016.08.25"]
[Round "7.62"]
[White "Djian, Lenny"]
[Black "Mahmutbegovic, Muharem"]
[Result "0-1"]
[WhiteElo "1503"]
[BlackElo "1966"]
[PlyCount "110"]
[EventDate "2016.08.18"]

1. d4 Nf6 2. c4 g6 3. Nc3 Bg7 4. e4 d6 5. f3 O-O 6. Be3 e5 7. d5 Nh5 8. Qd2 f5
9. Bd3 Nf4 10. O-O-O Nxd3+ 11. Qxd3 f4 12. Bd2 Nd7 13. Na4 a6 14. Bb4 Qe7 15.
Ne2 b5 16. cxb5 axb5 17. Nac3 Ba6 18. Qc2 Nb6 19. b3 Nd7 20. Kb1 Rfc8 21. Qd2
Rab8 22. Rhg1 Nf6 23. Kb2 Kh8 24. Kb1 g5 25. g4 Kg8 26. Rh1 h5 27. h3 Kf7 28.
Kb2 Rh8 29. Kb1 Rh6 30. Qc1 Rbh8 31. Ka1 hxg4 32. hxg4 Rh3 33. Rxh3 Rxh3 34.
Rg1 Kg6 35. Kb1 Nd7 36. Qd2 Qe8 37. Qd1 Qh8 38. Ka1 Rh2 39. Nc1 Qh3 40. Nd3 Nf6
41. Nf2 Qg3 42. Nd3 Qh3 43. a3 Bc8 44. Nxb5 Nxg4 45. fxg4 Bxg4 46. Qb1 Be2 47.
Rd1 Bxd1 48. Qxd1 Qg2 49. Nc3 f3 50. a4 f2 51. Nxf2 Qxf2 52. Qc1 g4 53. a5 g3
54. a6 g2 55. Ne2 Qxe2 0-1

[Event "European Youth Chess Championship B14"]
[Site "Prague, Top Hotel Prague"]
[Date "2016.08.25"]
[Round "7.63"]
[White "Vorisek, Jakub"]
[Black "Maziukas, Kasparas"]
[Result "0-1"]
[WhiteElo "1813"]
[BlackElo "1596"]
[PlyCount "102"]
[EventDate "2016.08.18"]

1. e4 c6 2. d4 d5 3. Nd2 dxe4 4. Nxe4 Bf5 5. Ng3 Bg6 6. h4 h6 7. Nf3 e6 8. Ne5
Bh7 9. Bd3 Bxd3 10. Qxd3 Nd7 11. Bf4 Be7 12. h5 Qa5+ 13. c3 Ngf6 14. Nxd7 Kxd7
15. Qe2 Bd6 16. Bxd6 Kxd6 17. O-O Kc7 18. f4 Rhf8 19. f5 Rae8 20. Qd2 e5 21.
Rfe1 exd4 22. Qxd4 Qb6 23. Qxb6+ axb6 24. Rad1 Rxe1+ 25. Rxe1 Rd8 26. Kf2 Rd2+
27. Re2 Rxe2+ 28. Kxe2 Kd6 29. Kf3 Ke5 30. Ke3 Nd5+ 31. Kf3 Nf4 32. c4 b5 33.
cxb5 cxb5 34. a3 Nd3 35. b3 Nc1 36. b4 Nb3 37. Ke3 Nd4 38. Kd3 Nxf5 39. Nxf5
Kxf5 40. Kd4 Kf4 41. Kc5 Kg3 42. Kxb5 Kxg2 43. Kb6 f5 44. Kxb7 f4 45. a4 f3 46.
a5 f2 47. a6 f1=Q 48. a7 Qb5+ 49. Ka8 g6 50. hxg6 Qxb4 51. g7 Qb3 0-1